| 000 | 01144cam a2200241 4500 | ||
|---|---|---|---|
| 001 | ABS68030 | ||
| 008 | 040715n2004 000 0 eng u | ||
| 035 | _a(Sirsi) u126786 | ||
| 100 | _aMcVey, S. | ||
| 245 | _aGPS helps coastal monitoring | ||
| 260 | _c2004 | ||
| 490 |
_aGeomatics World _v12(4) May/June 2004, 9(1) |
||
| 520 | _aOver the years England's southeast coast has been under assault from waves, flooding, storms and high winds and challenging both the budgets and the resources of local authority coastal managers. These local authorities have now joined forces to work together as part of the Southeast Regional Coastal Monitoring programme. As a likely pilot for other areas of Britain's vulnerable coastline, the programme aims to provide the Environment Agency, coastal groups and researchers with a single source of data on open coastline between Weymouth and the Isle of Grain. | ||
| 590 | _aABS | ||
| 590 | _aABS | ||
| 650 | _aCOASTAL PROTECTION | ||
| 650 | _aCOASTAL DEFENCES | ||
| 650 | _aSURVEYING | ||
| 650 | _aCOASTAL MANAGEMENT | ||
| 650 | _aCOASTAL EROSION | ||
| 690 | _aGEOMATICS-GPS | ||
| 942 | _n0 | ||
| 999 |
_c117702 _d117702 |
||